000 01069nam a2200217 a 4500
008 120416s1986 ||||||||||||||||| || u
020 _a0070326258
050 _aSD 431 Dav
100 _aDavis, Lawrence S
245 1 0 _aForest management
250 _a3rd ed.
260 _aNew York
_bMcGraw-Hill
_c1986
300 _ax, 790p. : ill.
350 _a0.00
650 _aFORESTRY
650 _aFOREST MANAGEMENT--STANDARDS
995 _aMAIN LIBRARY OPEN ACCESS
_D0.00
_e717333
_FCBU-MAIN LIBRARY (Kitwe)
_H2
_I49.50
_jSD 431 Dav
_M1
_UAVAILABLE
_y013361
_ZMain Library Open Access Collection
995 _aMAIN LIBRARY OPEN ACCESS
_D0.00
_e025366
_FCBU-MAIN LIBRARY (Kitwe)
_H1
_I49.50
_jSD 431 Dav
_M3
_UAVAILABLE
_y025366
_ZMain Library Open Access Collection
995 _aMAIN LIBRARY OPEN ACCESS
_D0.00
_e727490
_FCBU-MAIN LIBRARY (Kitwe)
_H3
_I49.50
_jSD 431 Dav
_M4
_UAVAILABLE
_y025365
_ZMain Library Open Access Collection
995 _aMAIN LIBRARY OPEN ACCESS
_D0.00
_e717332
_FCBU-MAIN LIBRARY (Kitwe)
_H4
_I49.50
_jSD 431 Dav
_M2
_UAVAILABLE
_y013362
_ZMain Library Open Access Collection
999 _c63228
_d63228